000 00813nab a2200241 u 4500
001 12338
003 HDC
007 cr bn ---aaaaa
008 210207b2015mmddmy d||no |||| 00| 0 eng d
040 _aHDC
245 0 _aPerak a heaven for authentic halal Chinese cuisine /
_cDaily Express
260 _aMalaysia:
_bSabah Publishing House Sdn. Bhd.,
_c2015
300 _a1 online resource
336 _atext
_2rdacontent
337 _acomputer
_2rdamedia
338 _aonline resource
_2rdacarrier
650 _aHalal food
_zMalaysia
_zPerak
_912029
710 _aDaily Express
856 _zRequest full-text at [email protected]
942 _2lcc
942 _cNEWS
942 _kNWSO 000754
999 _c9661
_d9661